000 00531nam a2200205 a 4500
001 BRCA_7450
005 20190320205836.0
008 110413s1911----enka######---#000-0#eng-#
041 _aeng
044 _aenk
050 4 _aDP42
_b.C35 1911
100 1 _aCalvert, Albert F.
_910996
245 1 0 _aSpain
_cAlbert F. Calvert.
260 _aLondres
_bJ. M. Dent
_c1911
300 _a2 v. en 1
_bil. a color, 46 láminas, mapas
500 _aQ205
651 4 _aEspaña
_xDescripción y viajes
_97912
902 _aGFM
942 _2lcc
_cB
999 _c7126
_d7126